Jornadas.hist 7º ano (Record no. 62678)

MARC details
000 -LÍDER
campo de controle de tamanho fixo 00313 a2200145 4500
001 - NÚMERO DE CONTROLE
campo de controle 62678
020 ## - ISBN - INTERNATIONAL STANDARD BOOK NUMBER
ISBN - International Standard Book Number 9788502176171
040 ## - FONTE DA CATALOGAÇÃO
Instituição que transcreveu o registro Anchieta - Pituba
240 10 - TÍTULO UNIFORME
Título uniforme Jornadas.hist 7º ano
Idioma da obra por
245 10 - TÍTULO
Título Jornadas.hist 7º ano
300 ## - DESCRIÇÃO FÍSICA
Extensão 288
362 0# - DATAS DE PUBLICAÇÃO E/OU DESIGNAÇÃO SEQUENCIAL
Datas de publicação e/ou designação sequencial 2012
650 #4 - ASSUNTO--TERMO TÓPICO
Cabeçalho tópico ou nome geográfico História do mundo
942 ## - ELEMENTOS DE ENTRADA ADICIONADOS (KOHA)
Tipo de material Koha Livros
Holdings
Situação do descarte Situação das perdas Situação física Não pode ser emprestado Biblioteca de origem Biblioteca atual Data de aquisição Total de empréstimos Código de barras Data de último acesso Data do preço efetivo Tipo de material Koha Número de chamada completo
        Colégio Anchieta - Pituba Colégio Anchieta - Pituba 21/11/2023   15811/PIT 21/11/2023 21/11/2023 Livros  
        Colégio Anchieta - Pituba Colégio Anchieta - Pituba 21/11/2023   15812/PIT 21/11/2023 21/11/2023 Livros  
        Colégio Anchieta - Pituba Colégio Anchieta - Pituba 21/11/2023   20409/PIT 21/11/2023 21/11/2023 Livros 909 V393j VAZ JOR
        Colégio Anchieta - Pituba Colégio Anchieta - Pituba 21/11/2023   20498/PIT 21/11/2023 21/11/2023 Livros 909 V393j VAZ JOR